Ultimate Spider-Man: Members of New Warriors by Picture - Statistics

General Stats
  • This quiz has been taken 12 times
  • The average score is 13 of 16
Answer Stats
Picture Answer % Correct
Kid Arachnid
100%
Rhino
100%
Ultimate Spider-Man
100%
Cloak
90%
Dagger
90%
Power Man
90%
Squirrel Girl
90%
White Tiger
90%
Agent Venom
80%
Iron Fist
80%
Iron Spider
80%
Nova
80%
Iron Vulture
60%
Ka-Zar
60%
Triton
60%
Zabu
50%
No matching quizzes found
Score Distribution
Percent of People with Each Score
Percentile by Number Answered
Your Score History
You have not taken this quiz